书目信息 |
| 题名: |
物理化学
|
|
| 作者: | 何玉萼 , 袁永明 , 薛英 编 | |
| 分册: | 上册 | |
| 出版信息: | 北京 化学工业出版社 2006 |
|
| 页数: | 353页 | |
| 开本: | 26cm | |
| 丛书名: | ||
| 单 册: | ||
| 中图分类: | O64 | |
| 科图分类: | ||
| 主题词: | 物理化学--高等学校--教材 , 物理化学 | |
| 电子资源: | ||
| ISBN: | 7-5025-8012-3 | |
| 000 | 00885nam0 2200277 450 | |
| 001 | 012007902804 | |
| 005 | 20070815160004.17 | |
| 010 | @a7-5025-8012-3@dCNY36.00 | |
| 100 | @a20070515d2006 km y0chiy0120 ea | |
| 101 | 0 | @achi |
| 102 | @aCN@b110000 | |
| 105 | @ay z 000yy | |
| 106 | @ar | |
| 200 | 1 | @a物理化学@Awu li hua xue@h上册@f何玉萼,袁永明,薛英编@Fhe yu e,yuan yong ming,xue ying bian |
| 210 | @a北京@c化学工业出版社@d2006 | |
| 215 | @a353页@d26cm | |
| 300 | @a高等学校教材 | |
| 330 | @a本书为上册,内容包括:热力学第一定律,热力学第二定律,统计热力学基础,多组分体系热力学,相平衡和化学平衡等。 | |
| 606 | 0 | @a物理化学@x高等学校@j教材 |
| 606 | 0 | @a物理化学 |
| 690 | @aO64@v4 | |
| 701 | 0 | @a何玉萼@Ahe yu e@4编 |
| 701 | 0 | @a袁永明@Ayuan yong ming@c(物理)@4编 |
| 701 | 0 | @a薛英@Axue ying@c(物理)@4编 |
| 801 | 0 | @aCN@bRULIN@c20070815 |
| 905 | @dO64@e102:1@s8 | |
| 物理化学.上册/何玉萼,袁永明,薛英编.-北京:化学工业出版社,2006 |
| 353页;26cm |
| 高等学校教材 |
| ISBN 7-5025-8012-3:CNY36.00 |
| 本书为上册,内容包括:热力学第一定律,热力学第二定律,统计热力学基础,多组分体系热力学,相平衡和化学平衡等。 |
| ● |
| 相关链接 |
|
|
|
|
正题名:物理化学
索取号:O64/102:1
 
预约/预借
| 序号 | 登录号 | 条形码 | 馆藏地/架位号 | 状态 | 备注 |
| 1 | 0576630 | 205766303 | 第二样本阅览室/ [索取号:O64/102:1] | 在馆 | |
| 2 | 0576631 | 205766312 | 第三借阅区/ [索取号:O64/102:1] | 在馆 | |
| 3 | 0576632 | 205766321 | 第三借阅区/ [索取号:O64/102:1] | 在馆 | |
| 4 | 0576633 | 205766330 | 第三借阅区/ [索取号:O64/102:1] | 在馆 | |
| 5 | 0576634 | 205766349 | 第三借阅区/ [索取号:O64/102:1] | 在馆 | |
| 6 | 0576635 | 205766358 | 第三借阅区/ [索取号:O64/102:1] | 在馆 | |
| 7 | 0576636 | 205766367 | 第三借阅区/ [索取号:O64/102:1] | 在馆 | |
| 8 | 0576637 | 205766376 | 第三借阅区/ [索取号:O64/102:1] | 在馆 |